00468nam a2200133Ia 4500008004100000020001400041040004400055100002000099245009100119260004100210300002500251500004100276999001700317180412s9999||||xx |||||||||||||| ||und|| a801817498 aAhmadu Bello University Library - Zaria aStone, Lawrence 0aSchooling and society: studiies in the history of education.cedited by Lawrence Stone aBaltinmorebJohn Hopkins U. P.c1976 axviii, 263p., table. aIncludes bibliographical references. c43602d43602